ගුට් කුකන් : (Record no. 4444)

MARC details
000 -LEADER
fixed length control field 00634nam a2200193 4500
003 - CONTROL NUMBER IDENTIFIER
control field LK-CoMWRAF
005 - DATE AND TIME OF LATEST TRANSACTION
control field 20240103130024.0
008 - FIXED-LENGTH DATA ELEMENTS--GENERAL INFORMATION
fixed length control field 231214b |||||||| |||| 00| 0 eng d
020 ## - INTERNATIONAL STANDARD BOOK NUMBER
International Standard Book Number 9551178548
040 ## - CATALOGING SOURCE
Original cataloging agency LK-CoMWRAF
Modifying agency LK-CoMWRAF
Description conventions LK-CoMWRAF
041 ## - LANGUAGE CODE
Language code of text/sound track or separate title Sinhala; Sinhalese
082 ## - DEWEY DECIMAL CLASSIFICATION NUMBER
Classification number 641.5
Item number BOO
942 ## - ADDED ENTRY ELEMENTS (KOHA)
Koha item type Books
100 ## - MAIN ENTRY--PERSONAL NAME
Personal name බූරා, ඩැල්රීනා සුහුඩ්
245 ## - TITLE STATEMENT
Title ගුට් කුකන් :
Remainder of title කෑම වටටෝරු
246 ## - VARYING FORM OF TITLE
Title proper/short title Goot Cooken : Kaama wattoru
260 ## - PUBLICATION, DISTRIBUTION, ETC. (IMPRINT)
Place of publication, distribution, etc. කොළඹ :
Name of publisher, distributor, etc. සදීපා ප්‍ර‍ාකාශන,
Date of publication, distribution, etc. 2006
650 ## - SUBJECT ADDED ENTRY--TOPICAL TERM
Topical term or geographic name as entry element සූප ශාස්ත්‍ර
Holdings
Withdrawn status Lost status Damaged status Not for loan Permanent Location Current Location Date acquired Full call number Barcode Koha item type
        Resource center, Muslim Women's Research And Action Forum Resource center, Muslim Women's Research And Action Forum 2023-12-14 641.5 BOO RAF4826 Books

Copyright © 2023 Muslim Women's Research and Action Forum (MWRAF), No 27/3, Anderson Road, Kalubowila, Dehiwela. Funded by The Asia Fundation